Zmeny zákona o dani z príjmov na základe noviel s účinnosťou postupne od roku 2020
Pokračovanie článku z predchádzajúceho čísla. Vysvetlenie pravidiel na zamedzenie hybridným nesúladom podľa par.17i, par. 21 ods. 2 písm. o), par. 45 ods. 5 a Príloha č. 2 zákona č. 595/2003 Z. z. o dani z príjmov. Praktické príklady.
Salvato in:
| Autore principale: | |
|---|---|
| Altri autori: | |
| Natura: | Capitolo di libro |
| Lingua: | slovacco |
| Soggetti: | |
| Tags: |
Nessun Tag, puoi essere il primo ad aggiungerne!!
|
MARC
| LEADER | 00000naa a2200000 4500 | ||
|---|---|---|---|
| 001 | 0265127 | ||
| 005 | 20200701131722.6 | ||
| 041 | 0 | |a slo | |
| 044 | |a SK | ||
| 245 | 1 | 0 | |a Zmeny zákona o dani z príjmov na základe noviel s účinnosťou postupne od roku 2020 |c Peter Horniaček, Viera Mezeiová |
| 520 | |a Pokračovanie článku z predchádzajúceho čísla. Vysvetlenie pravidiel na zamedzenie hybridným nesúladom podľa par.17i, par. 21 ods. 2 písm. o), par. 45 ods. 5 a Príloha č. 2 zákona č. 595/2003 Z. z. o dani z príjmov. Praktické príklady. | ||
| 610 | 2 | 0 | |a dane z príjmov |
| 610 | 2 | 0 | |a legislatíva |
| 610 | 2 | 0 | |a príjmy |
| 610 | 2 | 0 | |a výdavky |
| 610 | 2 | 0 | |a základ dane |
| 610 | 2 | 0 | |a odpočet dane |
| 610 | 2 | 0 | |a povinnosť daňová |
| 610 | 2 | 0 | |a preddavky |
| 610 | 2 | 0 | |a zvýhodnenie daňové |
| 100 | 1 | |a Horniaček, Peter | |
| 700 | 1 | |a Mezeiová, Viera | |